000 00383nam a2200157Ia 4500
003 Ost
005 20260225132537.0
008 260225s9999||||xx |||||||||||||| ||und||
040 _cfsic
041 _afre
082 _a302.2
100 _aBruno hapel/Gytre daniel
_eAuteur
245 0 _aMétaphisique de la communication /
245 0 _cBruno hapel/Gytre daniel
942 _cكتاب
999 _c33279
_d33279